| Tag |
First Indicator |
Second Indicator |
Subfields |
| LEADER |
00000cam a2200000 4500 |
| 001 |
in00000015737 |
| 005 |
20151007052605.0 |
| 008 |
880421s1949 be a b 00010 fre c |
| 010 |
|
|
|a a 50001477
|
| 035 |
|
|
|a (OCoLC)17830037
|
| 035 |
|
|
|9 AAA8416AM
|
| 040 |
|
|
|a Yale Univ. Library
|c EYW
|d EYW
|d TXA
|d UtOrBLW
|
| 049 |
|
|
|a TXAM
|c [A12569897]
|
| 050 |
|
4 |
|a TP290.T8
|b B4 1949
|
| 100 |
1 |
|
|a Beule, P. de.
|
| 245 |
1 |
3 |
|a La fabrication du trinitrotoluène en deux phases :
|b avec le dinitrotoluène comme produit intermédiaire /
|c par P. de Beule.
|
| 264 |
|
1 |
|a [Bruxelles] :
|b Centre de recherches scientifques et techniques pour l'industrie des produits explosifs,
|c [1949?]
|
| 300 |
|
|
|a 106 pages, 3 unnumbered pages (some folded) :
|b illustrations ;
|c 27 cm.
|
| 336 |
|
|
|a text
|b txt
|2 rdacontent
|
| 337 |
|
|
|a unmediated
|b n
|2 rdamedia
|
| 338 |
|
|
|a volume
|b nc
|2 rdacarrier
|
| 504 |
|
|
|a "Bibliographie": pages [103]-[107].
|
| 650 |
|
0 |
|a TNT (Chemical)
|
| 999 |
|
|
|a MARS
|
| 999 |
f |
f |
|s e37a0887-23d0-31e7-b5ed-eb45349721d6
|i 2c2be536-01f1-3f4c-b4e9-6fe63a3665f5
|t 0
|
| 952 |
f |
f |
|p ric
|a Texas A&M University
|b Rellis Campus
|c Joint Library Facility
|d Remote Storage
|t 0
|e TP290.T8 B4 1949
|h Library of Congress classification
|i unmediated -- volume
|m A14812569897
|
| 998 |
f |
f |
|a TP290.T8 B4 1949
|t 0
|l Remote Storage
|